Suomen kaupunkeja pesäpallojoukkueiden mukaan - Statistics

Yleistilastot
  • Tätä visaa on pelattu 132 kertaa
  • Keskiarvotulos 24 / 32
Vastaustilastot
Kuvavisa Hint Vastaus % Oikein
684 600 Helsinki
98%
149 300 Jyväskylä
94%
260 400 Tampere
94%
78 700 Joensuu
93%
78 400 Kouvola
92%
83 300 Pori
91%
66 600 Seinäjoki
91%
125 700 Kuopio
89%
47 000 Hyvinkää
86%
10 200 Sotkamo
86%
2 600 Vimpeli
86%
14 000 Lapua
85%
39 000 Rauma
85%
9 100 Alajärvi
82%
24 700 Imatra
82%
21 300 Siilinjärvi
81%
70 400 Vaasa
80%
19 300 Hamina
79%
12 500 Kankaanpää
79%
19 600 Kempele
79%
73 400 Lappeenranta
79%
16 000 Janakkala
73%
9 600 Kitee
73%
23 600 Raahe
72%
2 800 Simo
66%
5 300 Kannus
64%
8 000 Pöytyä
59%
15 400 Ylivieska
59%
12 400 Ilmajoki
53%
6 800 Ikaalinen
48%
8 500 Laitila
31%
11 900 Liperi
26%
Ehtoja vastaavia visoja ei löytynyt
Tulosjakauma
Jokaisen tuloksen saaneiden osuus
Persentiili vastausten määrän mukaan
Tuloshistoriasi
Et ole pelannut tätä visaa